| 000 | 00534nam a22001697a 4500 | ||
|---|---|---|---|
| 005 | 20240906163247.0 | ||
| 008 | 230914b |||||||| |||| 00| 0 eng d | ||
| 020 | _a9780367612092 | ||
| 082 |
_a005.35 _bTYA-P |
||
| 100 | _aTyagi, Priyanka, | ||
| 245 |
_aPragmatic Flutter : _bbuilding cross-platform mobile apps for Android, iOS, Web & desktop / _cTyaggi, Priyanka |
||
| 260 |
_aIndia: _bCRC Press, _c2022 |
||
| 300 |
_axiv, 337 pages. : _bill; _c24 cm. |
||
| 500 | _aInclude Index. | ||
| 650 | _aMobile Applications | ||
| 999 |
_c33552 _d33552 |
||